|
|
|
|
| LEADER |
00774nam#a2200229#a#4500 |
| 001 |
004967 |
| 005 |
20160721143412.0 |
| 008 |
981020s1988####cl##################spa#d |
| 040 |
|
|
|a AR-beUNQ
|
| 099 |
|
|
|a 34-S6
|
| 100 |
1 |
|
|a Schmidt, Helmut
|
| 245 |
0 |
3 |
|a La inserción de las fuerzas armadas en el sistema democrático alemán
|c Helmut Schmidt.
|
| 260 |
|
|
|a Santiago de Chile :
|b Centro de Estudios del Desarrollo,
|c 1988
|
| 300 |
|
|
|a [27] h
|
| 500 |
|
|
|a Editado con Seminario Fuerzas Armadas, Estado y Sociedad
|
| 650 |
|
7 |
|a FUERZAS ARMADAS
|2 Spines
|
| 650 |
|
7 |
|a POLITICA GUBERNAMENTAL
|2 Spines
|
| 650 |
|
7 |
|a DEMOCRACIA
|2 Spines
|
| 651 |
|
7 |
|a ALEMANIA
|2 Spines
|
| 929 |
|
|
|a COMPRA
|b Rogelio García Lupo
|d 4,00E
|e 19981020
|g Exp. 0387/98
|j 23473
|
| 942 |
|
|
|c LIB
|n 0
|
| 999 |
|
|
|c 7735
|d 83122
|